000 01255naa a22003257a 4500
001 BR8801076
003 BR-BrBNA
005 20240918175950.0
007 ta
008 230509b bl.||||| |||| 00| 0 por d
040 _aBR-BrBNA
_bpor
_cBiblioteca Nacional de Agricultura
041 _a(Pt)
072 _aE70; E72; E71
_b0311
090 _aE70 BR8801076
100 1 _aGarcia, M.F.
111 1 _a1. Seminario sobre a Cultura do Coco
_cAracaju, SE (Brazil)
_d1984
245 1 _aComercializacao, industrializacao e perspectivas de mercado interno e externo para o coco
246 1 _a[Comercialization, industrialization and perspctives for internal and external coconut market]
246 1 _a[Annals of the Its Seminary about Coconut Cultivation]
260 3 _aBrasilia, DF (Brasil):
_c1986.
500 _aAnais do 1. Seminario sobre a Cultura do Coco Brasilia, DF (Brasil): 1986. p. 53-59 (BR8801076-AM)E70
650 _aCOCO
650 _aCOMERCIALIZACAO
650 _aINDUSTRIALIZACAO
650 _aMERCADO NACIONAL
650 _aMERCADO INTERNACIONAL
773 0 _tAnais do 1. Seminario sobre a Cultura do Coco
_wE70 BR8801076
_gBrasilia, DF (Brasil), 1986. p. 53-59
909 _a202404
_bLucia
_c55
_dLucia Elande
942 _cAM
_2AGRIS
999 _c319005
_d319005